000 01057nam a2200325 i 4500
003 EG-GICUC
005 20260218112134.0
008 260218s2006 ne ||fr|||| 001 0 eng d
020 _a9077596143
040 _aEG-GiCUC
_beng
_cEG-GiCUC
_dEG-GiCUC
_erda
041 0 _aeng
082 0 4 _221
_a341.6
_bLA
092 0 4 _221
099 _aLaw1 11 341.6 LA 2006
245 0 4 _aThe Law Of Air Warfare :
_bContemporary Issues /
_cEdited By Natalino Ronzitti, And Gabriella Venturini.
264 1 _aThe Hague :
_bEleven International Publishing,
_c2006.
300 _a340 pages,
_c24 cm
336 _2rda content
_atext
337 _2rda media
_aComputer
338 _2rda carrier
_aOnline Resource
500 _a`
504 _aIncludes bibliographical references and index.
546 _aText in English
650 1 4 _aPublic international law
700 1 _aRonzitti , Natalino
_eeditor.
700 1 _aVenturini, Gabriella
_eeditor.
856 4 0 _uhttps://fll.law.cu.edu.eg/fulltext/bks/B11-08081.pdf
905 _a48
942 _2ddc
_cBK
_e21
_n0
999 _c63527
_d63527